000 01078nmm a2200433 a 4500
003 AR-BaBNM
005 20251128203026.0
008 207019s1944 ||||||||||||||000 | spa||
040 _cAR-BaBNM
100 1 _aPaolí, Hugo Enrico
245 1 0 _aURBS
_bla vida en la Roma antigua
250 _a1ª ed.
260 _aBarcelona
_bGil
_c1944
300 0 _a411 p.
_bláms., il., mapas
500 0 _aContiene índice alfabético p. 391-411
600 0 4 _aNerón
600 0 4 _aConstantino
_d[ca.280-337]
600 0 4 _aCayo Graco
650 4 _aSOCIEDAD
650 4 _aECONOMIA
650 4 _aDERECHO
650 4 _aHISTORIA DEL DERECHO
650 4 _aESCLAVITUD
650 4 _aIMPERIO
650 4 _aRELIGION
650 4 _aARQUITECTURA
650 4 _aESCULTURA
650 4 _aPINTURA
650 4 _aFILOSOFIA
650 4 _aLITERATURA
650 4 _aHISTORIA DE LAS CIENCIAS
650 4 _aMUJERES
650 4 _aTEATRO ANTIGUO
650 4 _aURBANIZACION
651 4 _aItalia
700 1 _aFarrán y Mayoral, J.
_etraductor
942 _cBK
998 _cMariana
999 _c1571
_d1571